Important bird areas in Kenya / (Registro nro. 2573)
[ vista simple ]
| 000 -CABECERA | |
|---|---|
| Campo de control | 01298cam a2200325 a 4500 |
| 005 - FECHA Y HORA DE LA ULTIMA TRANSACCION | |
| Campo de control | 20160104091925.0 |
| 008 - ELEMENTOS DE LONGITUD FIJA—INFORMACION GENERAL | |
| Campo de control | 020424t1999 ke ab frb f001 0 eng |
| 020 ## - ISBN | |
| ISBN | 9966992111 |
| 040 ## - FUENTE DE CATALOGACIÓN | |
| Agencia catalogadora original | DLC |
| Agencia transcriptora | DLC |
| Agencia Modificadora | DLC |
| -- | WaU |
| -- | CO-BoIAVH |
| 041 ## - IDIOMA | |
| Código de idioma para texto/pista de sonido o título separado | Inglés |
| 042 ## - AUTHENTICATION CODE | |
| Authentication code | lcode |
| 043 ## - GEOGRAPHIC AREA CODE | |
| Geographic area code | f-ke--- |
| 082 00 - NUMERO DE CLASIFICACION DECIMAL DEWEY | |
| Número de clasificación | 333.95816 |
| Número del ítem | B47i |
| 100 1# - ASIENTO PRINCIPAL--NOMBRE PERSONAL | |
| Nombre personal | Bennun, Leon A. |
| 9 (RLIN) | 45565 |
| 245 10 - MENCION DE TITULO | |
| Título | Important bird areas in Kenya / |
| Mención de responsabilidad | Leon Bennun and Peter Njoroge. |
| 260 ## - PUBLICACION, DISTRIBUCION, ETC. (PIE DE IMPRENTA) | |
| Lugar de publicación, distribución, etc. | Nairobi : |
| Nombre del editor, distribuidor, etc. | Nature Kenya, East Africa Natural History Society, |
| Fecha de publicación, distribución, etc. | c1999. |
| 300 ## - DESCRIPCION FISICA | |
| Extensión | iv, 318 paginas. : |
| Otros detalles físicos | ilustraciones ., mapas ; |
| Dimensiones | 25 x 17 cm. |
| 500 ## - NOTA GENERAL | |
| Nota general | "A joint project of Nature Kenya ... and the Ornithology Department, National Museums of Kenya." |
| 504 ## - NOTA DE BIBLIOGRAFIA, ETC. | |
| Nota de bibliografía | Includes bibliographical references (p. 253-264) and indexes. |
| 650 #0 - ASIENTO SECUNDARIO DE MATERIA - TERMINO TEMATICO | |
| Término temático o nombre geográfico como elemento de entrada | Important bird areas |
| Subdivisión geográfica | Kenya. |
| 9 (RLIN) | 45614 |
| 650 #0 - ASIENTO SECUNDARIO DE MATERIA - TERMINO TEMATICO | |
| Término temático o nombre geográfico como elemento de entrada | Birds |
| Subdivisión general | Conservation |
| Subdivisión geográfica | Kenya. |
| 9 (RLIN) | 45615 |
| 650 #6 - ASIENTO SECUNDARIO DE MATERIA - TERMINO TEMATICO | |
| Término temático o nombre geográfico como elemento de entrada | Áreas de conservación |
| Subdivisión geográfica | Kenya. |
| 9 (RLIN) | 45616 |
| 650 #6 - ASIENTO SECUNDARIO DE MATERIA - TERMINO TEMATICO | |
| Término temático o nombre geográfico como elemento de entrada | Aves |
| Subdivisión geográfica | Kenya |
| 9 (RLIN) | 45617 |
| 700 1# - ASIENTO SECUNDARIO - NOMBRE PERSONAL | |
| Nombre personal | Njoroge, Peter. |
| 9 (RLIN) | 16562 |
| 710 2# - ASIENTO SECUNDARIO - NOMBRE CORPORATIVO | |
| Nombre corporativo o de jurisdicción como elemento de entrada | Nature Kenya. |
| 9 (RLIN) | 45570 |
| 710 2# - ASIENTO SECUNDARIO - NOMBRE CORPORATIVO | |
| Nombre corporativo o de jurisdicción como elemento de entrada | National Museums of Kenya. |
| Unidad subordinada | Department of Ornithology. |
| 9 (RLIN) | 45618 |
| 906 ## - LOCAL DATA ELEMENT F, LDF (RLIN) | |
| a | 7 |
| b | cbc |
| c | origode |
| d | 3 |
| e | ncip |
| f | 20 |
| g | y-gencatlg |
| 942 ## - ELEMENTOS ADICIONALES (KOHA) | |
| Sistema de clasificación | Dewey Decimal Classification |
| Tipo de ítem | Libro |
| Withdrawn status | Lost status | Sistema de Clasificación | Damaged status | No para préstamo | Colección | Inventariado | Ubicación Permanente | Ubicación actual | Fecha de adquisición | Fuente de Valor | Valor | Total Checkouts | Número topográfico | Inventario / Código de Barras | Date last seen | Ejemplar | Price effective from | Forma de adquisición | Tipo de material |
|---|---|---|---|---|---|---|---|---|---|---|---|---|---|---|---|---|---|---|---|
| Dewey Decimal Classification | General | Inventariado 2017 | Bogotá | Bogotá | 06/03/2002 | Instituto | 39000.00 | LB-333.95816 B47i | 003161 | 04/12/2012 | Ej. 1 | 04/12/2012 | Libro |